000 00505nam a2200193 a 4500
001 1756123943429
003 YourLibrary
005 20250825174340.0
008 250825s2006##################000#0#eng##
020 _a9780521860697
082 0 4 _a530.14
_bBEC
100 1 _aBecker, Katrin,
_eauthor.
245 1 0 _aString Theory and M-Theory :
260 _bCambridge University Press,
_c2006.
300 _a756 pages
650 0 _aScience.
942 _cENGLISH
040 _aYourLibrary
_beng
_cYourLibrary
999 _c583877
_d583877